000 01084cam a2200325 i 4500
001 27538
003 Mx-PuUPA
005 20240813105722.0
008 140415s1997 mx gr 000 0 spa d
020 _a9706510826
040 _cMx-PuUPA
_aMx-PuUPA
_bspa
_dMx-PuUPA
_erda
041 0 _aspa
100 1 _aSpota, Luis,
_d1925-1985
_97734
_eautor
245 1 6 _aLo de antes /
_cLuis Spota
250 _aPrimera edición
264 1 _aMéxico, D. F. :
_bEditorial Océano de México,
_c©1997
300 _a160 páginas ;
_c23 cm
336 _2rdacontent
_atexto
_btxt
337 _2rdamedia
_asin medio
_bn
338 _2rdacarrier
_avolumen
_bnc
500 _a"Tiempo de México". -- Portadilla
500 _a"El día siguiente". -- Contraportada
500 _a"El día siguiente, Obras de Luis Spota". -- Cubierta
650 7 _2armarc
_aCriminales
_vNovela
655 7 _2armarc
_aNovela mexicana
_ySiglo XX
942 _2ddc
_cLI
_h863.6
_iS7
999 _c27538
_d27538